Elements by Picture - Statistics

General Stats
  • This quiz has been taken 66 times
    53 since last reset
  • The average score is 14 of 16
Answer Stats
Picture Answer % Correct
Calcium
100%
Gold
100%
Helium
100%
Potassium
100%
Copper
98%
Neon
98%
Sodium
98%
Tin
95%
Chlorine
93%
Silver
86%
Iron
77%
Lithium
75%
Oxygen
70%
Hydrogen
66%
Silicon
66%
Phosphorus
57%
No matching quizzes found
Score Distribution
Percent of People with Each Score
Percentile by Number Answered
Your Score History
You have not taken this quiz since the last reset